Football Teams Pervis Estupiñán Played For - Statistics

General Stats
  • This quiz has been taken 12 times
  • The average score is 4 of 7
Answer Stats
League Years Team % Correct
England 2022- Brighton & Hove Albion
100%
Spain 2019-2020 CA Osasuna
75%
Ecuador 2015-2016 LDU Quito
50%
Spain 2018-2019 RCD Mallorca
50%
Spain 2016-2017 Recreativo Granada
50%
Spain 2017-2018 UD Almería
50%
Spain 2020-2022 Villarreal CF
50%
No matching quizzes found
Score Distribution
Percent of People with Each Score
Percentile by Number Answered
Your Score History
You have not taken this quiz